Planning advice note PAN 1/2010 (Record no. 110538)
[ view plain ]
| 000 -LEADER | |
|---|---|
| fixed length control field | 01348cad a22002895a 4500 |
| 001 - CONTROL NUMBER | |
| control field | E149565 |
| 008 - FIXED-LENGTH DATA ELEMENTS--GENERAL INFORMATION | |
| fixed length control field | 100322s2010 xxk s000 0 eng u |
| 020 ## - INTERNATIONAL STANDARD BOOK NUMBER | |
| International Standard Book Number | 9780755978533 |
| 022 1# - INTERNATIONAL STANDARD SERIAL NUMBER | |
| International Standard Serial Number | 0141-514X |
| 035 ## - SYSTEM CONTROL NUMBER | |
| System control number | (Sirsi) u149565 |
| 041 ## - LANGUAGE CODE | |
| Language code of text/sound track or separate title | eng |
| 050 04 - LIBRARY OF CONGRESS CALL NUMBER | |
| Classification number | 711.1 |
| 110 ## - MAIN ENTRY--CORPORATE NAME | |
| Corporate name or jurisdiction name as entry element | Scotland |
| Subordinate unit | Scottish Government |
| 9 (RLIN) | 5344 |
| 245 00 - TITLE STATEMENT | |
| Title | Planning advice note PAN 1/2010 |
| Remainder of title | strategic environmental assessment of development plans |
| Medium | [electronic resource] |
| 260 ## - PUBLICATION, DISTRIBUTION, ETC. | |
| Place of publication, distribution, etc. | Edinburgh |
| Name of publisher, distributor, etc. | Scottish Government |
| Date of publication, distribution, etc. | 2010 |
| 490 ## - SERIES STATEMENT | |
| Series statement | Planning Advice Note |
| Volume/sequential designation | (1/2010) |
| 505 2# - FORMATTED CONTENTS NOTE | |
| Formatted contents note | 1. Introduction -- Aims of strategic environmental assessment -- Key principles -- Integration -- Proportionality -- More efficient resourcing -- Conclusion |
| 520 ## - SUMMARY, ETC. | |
| Summary, etc. | Offers guidance to those carrying out a Strategic Environmental Assessment (SEA) of a strategic or local development plan. Seeks to encourage innovation in the assessment of development plans and sets out the key principles of SEA within the context of planning. |
| 521 ## - TARGET AUDIENCE NOTE | |
| Target audience note | Advanced |
| 590 ## - LOCAL NOTE (RLIN) | |
| Local note | KA |
| 650 ## - SUBJECT ADDED ENTRY--TOPICAL TERM | |
| Topical term or geographic name entry element | PAN1/2010 |
| 650 24 - SUBJECT ADDED ENTRY--TOPICAL TERM | |
| Topical term or geographic name entry element | ENVIRONMENTAL ASSESSMENT (SCOTLAND) ACT 2005 |
| 651 #4 - SUBJECT ADDED ENTRY--GEOGRAPHIC NAME | |
| Geographic name | Scotland |
| Chronological subdivision | 1999- |
| 690 ## - LOCAL SUBJECT ADDED ENTRY--TOPICAL TERM (OCLC, RLIN) | |
| Topical term or geographic name as entry element | Planning and development |
| 9 (RLIN) | 6259 |
| 856 40 - ELECTRONIC LOCATION AND ACCESS | |
| Uniform Resource Identifier | <a href="https://www.scotland.gov.uk/Publications/2010/03/18102824/0">https://www.scotland.gov.uk/Publications/2010/03/18102824/0</a> |
| Public note | View the PAN free of charge at www.scotland.gov.uk |
| 942 ## - ADDED ENTRY ELEMENTS (KOHA) | |
| Suppress in OPAC | 0 |
| Withdrawn status | Lost status | Source of classification or shelving scheme | Damaged status | Not for loan | Home library | Current library | Shelving location | Date acquired | Total Checkouts | Full call number | Barcode | Date last seen | Copy number | Price effective from | Koha item type |
|---|---|---|---|---|---|---|---|---|---|---|---|---|---|---|---|
| Dewey Decimal Classification | Virtual | Virtual | Online | 22/03/2010 | ONLINE PUBLICATION | 149565-2001 | 06/08/2019 | 1 | 06/08/2019 | Book |